A suitable enemy : racism, migration and islamophobia in Europe
Αποθηκεύτηκε σε:
| Κύριος συγγραφέας: | |
|---|---|
| Μορφή: | Βιβλίο |
| Γλώσσα: | English |
| Δημοσίευση: |
London :
Pluto,
2009
|
| Θέματα: | |
| Ετικέτες: |
Προσθήκη ετικέτας
Δεν υπάρχουν, Καταχωρήστε ετικέτα πρώτοι!
|
MARC
| LEADER | 00000nam a2200000 i 4500 | ||
|---|---|---|---|
| 001 | 1/50911 | ||
| 008 | 140704s2009 eng d | ||
| 020 | |a 978-0-7453-2792-1 | ||
| 035 | |l 10118241 | ||
| 040 | |a GR-MY-UA |b gre |e aacr | ||
| 041 | 0 | |a eng | |
| 082 | 0 | |a 325.4 |2 (23) | |
| 100 | 1 | |a Fekete, Liz. | |
| 245 | 1 | 2 | |a A suitable enemy : |b racism, migration and islamophobia in Europe / |c Liz Fekete; foreword by A. Sivanandan |
| 260 | |a London : |b Pluto, |c 2009 | ||
| 300 | |a x, 259 σ.; |c 24 εκ. | ||
| 504 | |a Περιλαμβάνει βιβλιογραφικές αναφορές και ευρετήριο | ||
| 505 | 0 | |a The emergence of xeno-racism -- Anti-Muslim racism and the security state -- Enlightened fundamentalism? Immigration, feminism and the Right -- The new McCarthyism -- The deportation machine -- 'Speech crime' and deportation -- They are children too -- Islamophobia, youth resistance and the meaning of liberty. | |
| 650 | 0 | 0 | |a Islamophobia. |
| 650 | 0 | 0 | |a Racism |z European Union countries. |
| 651 | 0 | |a European Union countries |x Emigration and immigration. | |
| 651 | 0 | |a European Union countries |x Race relations. | |
| 852 | |a INST |b LESVOS |e 20140704 |h 325.4 FEK |p 005100054563 |q 005100054563 |t BK |y 0 | ||
| 901 | |a BIBL1-2014-2 | ||
| 909 | |a Λ |b 189516 | ||
| 922 | |a 1ΕΛΗ |b 201406 |c ΤΚΑΙ |d ΔΙΑΔΡΟΜΕΣ | ||
| 970 | |a ΤΖΑΦΕΡΗ |b ΕΥΑΓΓΕΛΙΑ |z 2014/07/05 | ||